00454nam a22001577a 450000500170000001000150001702000260003203500140005803700130007208200130008510000260009824500550012426000370017927000590021630000210027520230926123613.0 aENG-135761 a9788126041176c160.00 aEN-119293 bDBAD/PUB a894.8111 aGnanasambandhan, A.S. aKamban-A New Perspective/cBy A.S. Gnanasambandhan aNew DelhibSahitya Akademic2013 aRabindra Bhavan 35, Ferozeshah RoadbNew Delhie110001 a320p.c22cm(pbk)